[Event "34th Chess Olympiad (men)"]
[Site "Istanbul"]
[Date "2000.11.01"]
[Round "5.13.4"]
[White "Bertona, Fernando"]
[Black "Schandorff, Lars"]
[WhiteElo "2405"]
[BlackElo "2520"]
[WhiteCountry "ARG"]
[BlackCountry "DEN"]
[Result "0-1"]

1. e4 c5 2. Nf3 d6 3. Bc4 Nf6 4. d3 e6 5. Bb3 Be7 6. O-O Nc6 7. c3 d5 
8. Nbd2 Qc7 9. Re1 b6 10. Qe2 Ba6 11. e5 Nd7 12. c4 d4 13. Nf1 h6 14. h4 Bb7 
15. Ng3 O-O-O 16. Ba4 g5 17. hxg5 hxg5 18. Bxg5 Bxg5 19. Nxg5 Ndxe5 
20. Bxc6 Nxc6 21. Nf3 Rdg8 22. a3 Ne7 23. Ne5 Nf5 24. Nf3 Nxg3 25. fxg3 Qxg3 
26. Rf1 Rh5 27. Qf2 Qd6 
0-1

[Event "34th Chess Olympiad (men)"]
[Site "Istanbul"]
[Date "2000.11.01"]
[Round "5.14.1"]
[White "Nogueiras, Jesus"]
[Black "Kotsur, Pavel"]
[WhiteElo "2552"]
[BlackElo "2589"]
[WhiteCountry "CUB"]
[BlackCountry "KAZ"]
[Result "1/2-1/2"]

1. Nf3 c5 2. c4 Nc6 3. d4 cxd4 4. Nxd4 g6 5. Nc3 Bg7 6. e3 Nf6 7. Be2 O-O 
8. O-O d5 9. cxd5 Nxd5 10. Nxd5 Qxd5 11. Bf3 Qc5 12. Nxc6 bxc6 13. Qa4 Rb8 
14. Rb1 Be6 15. b3 Qb5 16. Ba3 Qxa4 17. bxa4 Bf6 18. Bxc6 Bxa2 19. Rbc1 a6 
20. g3 Rfc8 21. Bd7 Rd8 22. Bg4 
1/2-1/2

[Event "34th Chess Olympiad (men)"]
[Site "Istanbul"]
[Date "2000.11.01"]
[Round "5.14.3"]
[White "Bruzon, Lazaro"]
[Black "Sadvakasov, Darmen"]
[WhiteElo "2534"]
[BlackElo "2509"]
[WhiteCountry "CUB"]
[BlackCountry "KAZ"]
[Result "1/2-1/2"]

1. c4 Nf6 2. Nc3 e5 3. g3 Bb4 4. Bg2 O-O 5. e4 Bxc3 6. bxc3 c6 7. Ba3 Re8 
8. Qb3 b6 9. Ne2 Bb7 10. Bd6 Re6 11. Bxb8 Rxb8 12. O-O d5 13. cxd5 cxd5 
14. exd5 Bxd5 15. Bxd5 Qxd5 16. Qxd5 Nxd5 17. a4 Rd8 18. Rfd1 Rc6 19. Kf1 Kf8 
20. Rdb1 Nc7 21. Ra2 Rc4 22. f4 f6 23. fxe5 fxe5 24. Nc1 Ke7 25. Nb3 Re4 
26. Raa1 Rf8+ 27. Kg1 Re2 28. Re1 Rff2 29. Rxe2 Rxe2 30. h4 Kd6 31. Kf1 Re4 
32. Kf2 h5 33. d3 Rg4 34. Nd2 Nd5 35. Ne4+ Kc6 36. Kf3 a5 37. Re1 Nf6 
38. Rb1 Nxe4 39. dxe4 Rg6 40. Rb5 Rf6+ 41. Ke3 Rg6 42. Rxe5 Rxg3+ 43. Kd4 g6 
44. Re6+ Kc7 45. e5 g5 46. hxg5 Rxg5 47. Kd5 Rg7 48. Rc6+ Kb7 49. Rh6 Rd7+ 
50. Ke6 Rc7 51. Kf6 Rxc3 52. e6 Rf3+ 53. Kg7 Kc6 54. Rf6 Re3 55. Kf8 b5 
56. e7+ Kd7 57. Rf7 Kc6 58. e8Q+ Rxe8+ 59. Kxe8 bxa4 60. Rf5 Kb6 61. Rxh5 
1/2-1/2

[Event "34th Chess Olympiad (men)"]
[Site "Istanbul"]
[Date "2000.11.01"]
[Round "5.16.2"]
[White "Motwani, Paul"]
[Black "Safin, Shukhrat"]
[WhiteElo "2464"]
[BlackElo "2518"]
[WhiteCountry "SCO"]
[BlackCountry "UZB"]
[Result "1-0"]

1. d4 d5 2. c4 c6 3. cxd5 cxd5 4. Nc3 Nf6 5. Bf4 Nc6 6. e3 a6 7. Bd3 Bg4 
8. f3 Bd7 9. g4 e6 10. Nge2 Rc8 11. h4 Qb6 12. Qd2 Na5 13. Kf2 Nc4 
14. Bxc4 dxc4 15. e4 Be7 16. Rag1 Bc6 17. h5 h6 18. g5 hxg5 19. Bxg5 Rd8 
20. e5 Nxh5 21. Bxe7 Kxe7 22. Qg5+ f6 23. Qg4 Be8 24. Rxh5 Rxh5 25. Qg5 g6 
26. Qxg6 Bf7 27. Qxf6+ Ke8 28. Rg7 Rf5 29. Qh4 Kd7 30. Ng3 Qxb2+ 31. Nce2 Qc2 
32. Qh7 Rxf3+ 33. Kxf3 Qxh7 34. Rxh7 Rf8 35. Ke3 Kc6 36. Rh6 Rg8 37. Rf6 Rg7 
38. Nf5 Rh7 39. Nh6 Bh5 40. Nf4 
1-0

[Event "34th Chess Olympiad (men)"]
[Site "Istanbul"]
[Date "2000.11.01"]
[Round "5.16.4"]
[White "Shaw, John"]
[Black "Barsov, Alexei"]
[WhiteElo "2435"]
[BlackElo "2534"]
[WhiteCountry "SCO"]
[BlackCountry "UZB"]
[Result "1/2-1/2"]

1. e4 e6 2. Nf3 d5 3. Nc3 Nf6 4. e5 Nfd7 5. Ne2 c5 6. c3 c4 7. d4 cxd3ep 
8. Nf4 Nc6 9. Nxd3 h6 10. h4 b6 11. Bf4 Nc5 12. Nd4 Bd7 13. Nxc6 Bxc6 
14. Nb4 Ba4 15. Qxa4+ Nxa4 16. Bb5+ Qd7 17. Bxd7+ Kxd7 18. Nd3 Be7 19. h5 Rhc8 
20. O-O-O Rc4 21. Kb1 Rac8 22. Be3 Bc5 23. Bd2 Be7 24. Be3 Re4 25. Rhe1 Rh4 
26. Rh1 Re4 27. Rhe1 Rh4 28. Rh1 Re4 
1/2-1/2

[Event "34th Chess Olympiad (men)"]
[Site "Istanbul"]
[Date "2000.11.01"]
[Round "5.17.1"]
[White "Egger, Jorge"]
[Black "Papaioannou, Ioannis"]
[WhiteElo "2433"]
[BlackElo "2578"]
[WhiteCountry "CHI"]
[BlackCountry "GRE"]
[Result "1-0"]

1. e4 d5 2. exd5 Qxd5 3. Nc3 Qa5 4. d4 c6 5. Nf3 Nf6 6. Bc4 Bf5 7. Bd2 e6 
8. Nd5 Qd8 9. Nxf6+ gxf6 10. Qe2 Nd7 11. O-O-O Qc7 12. Nh4 Bg6 13. Bxe6 fxe6 
14. Qxe6+ Kd8 15. Nxg6 hxg6 16. Rhe1 Bd6 17. d5 c5 18. Bh6 Bf4+ 19. Bxf4 Qxf4+ 
20. Kb1 Kc8 21. d6 Rd8 22. Qf7 Qg4 23. f3 Qa4 24. Re8 Qa5 25. Rxd8+ Qxd8 
26. Re1 Ne5 27. Qe6+ Kb8 28. f4 Nc6 29. Qd5 a5 30. Qxc5 a4 31. Qd5 Ra5 
32. Qe6 Ka7 33. a3 g5 34. Re4 f5 35. Rc4 gxf4 36. Rxf4 Kb8 37. Rxf5 Rxf5 
38. Qxf5 Qxd6 39. h4 Qg3 40. Qe4 Qf2 41. Qxa4 Qxg2 42. Qf4+ Ka7 43. Qc4 Qg6 
44. Qc5+ b6 45. Qd5 Qf6 46. h5 Nd4 47. h6 Qf1+ 48. Ka2 Ne2 49. Qd7+ Ka6 
50. b4 Nc3+ 51. Kb3 Nb5 52. Qd3 Qh1 53. h7 Kb7 54. Qxb5 Qxh7 55. Qd5+ Ka7 
56. a4 Qh3+ 57. Qd3 Qe6+ 58. Qc4 Qh3+ 59. Kb2 Qh8+ 60. Qc3 Qh5 61. Qc7+ Ka8 
62. a5 b5 63. Qc8+ Ka7 64. Qc5+ 
1-0

[Event "34th Chess Olympiad (men)"]
[Site "Istanbul"]
[Date "2000.11.01"]
[Round "5.17.2"]
[White "Banikas, Hristos"]
[Black "Valenzuela, Luis"]
[WhiteElo "2542"]
[BlackElo "2426"]
[WhiteCountry "GRE"]
[BlackCountry "CHI"]
[Result "1/2-1/2"]

1. d4 d5 2. c4 c6 3. Nf3 Nf6 4. e3 Bf5 5. Bd3 Bxd3 6. Qxd3 e6 7. O-O Nbd7 
8. b3 Be7 9. Nbd2 O-O 10. Bb2 a5 11. Rfe1 a4 12. Bc3 Qb6 13. b4 dxc4 
14. Nxc4 Qb5 15. a3 Rfd8 16. Qe2 Ne4 17. Bb2 Rac8 18. Rac1 f6 19. Na5 Qxe2 
20. Rxe2 Rc7 21. Nc4 b6 22. Nfd2 Nxd2 23. Rxd2 c5 24. bxc5 bxc5 25. d5 exd5 
26. Rxd5 Rb8 27. Bc3 Rcb7 28. Na5 Rb1 29. Rcd1 Rxd1+ 30. Rxd1 Kf7 31. Kf1 Ke6 
32. f4 g6 33. e4 Nb6 34. Rb1 Nd7 35. Rd1 Nb6 36. g4 Nc8 37. f5+ gxf5 
38. exf5+ Kf7 39. Re1 Rb6 40. Re4 Rd6 41. Ke2 Nb6 42. Nc4 Nxc4 43. Rxc4 Rb6 
44. Rxa4 Rb3 45. Kd3 Rxa3 46. Rxa3 c4+ 47. Kxc4 Bxa3 48. Kd5 Bc1 49. Bb4 Be3 
50. Ke4 Bc1 51. Bd6 Bb2 52. Bf4 Bc3 53. Be3 Bb2 54. Kf3 Bc3 55. Kg3 Be1+ 
56. Bf2 Bd2 57. Kh4 Bg5+ 58. Kh5 h6 
1/2-1/2

[Event "34th Chess Olympiad (men)"]
[Site "Istanbul"]
[Date "2000.11.01"]
[Round "5.18.1"]
[White "Marin, Mihail"]
[Black "Kveinys, Aloyzas"]
[WhiteElo "2557"]
[BlackElo "2522"]
[WhiteCountry "ROM"]
[BlackCountry "LTU"]
[Result "1-0"]

1. c4 Nf6 2. Nc3 e5 3. Nf3 Nc6 4. g3 d5 5. cd5 Nd5 6. Bg2 Be6 7. O-O Be7 
8. d4 Nc3 9. bc3 e4 10. Ne5 Ne5 11. de5 Qd1 12. Rd1 Bf5 13. Rd4 Rd8 14. Be3 Rd4 
15. cd4 f6 16. f4 fe5 17. fe5 c6 18. Rb1 b6 19. Rf1 Rf8 20. Rf5 Rf5 21. Be4 Bg5 
22. Bc6+ Ke7 23. Bg5+ Rg5 24. e4 Rg6 25. Bb5 a6 26. Ba6 Rc6 27. Kf2 Rc2+ 
28. Ke3 Ra2 29. Be2 Ra3+ 30. Kf4 g5+ 31. Kf5 Re3 32. Bb5 Rb3 33. Bc6 Rf3+ 
34. Kg5 Ke6 35. Bb5 h6+ 36. Kg4 Rf8 37. Bc4+ Ke7 38. d5 Rc8 39. Bb5 Rc5 
40. Bc6 b5 41. Kf5 b4 42. d6+ Kd8 43. Ba4 Ra5 44. Bb3 Ra3 45. Bd5 Kd7 
46. Be6+ Kd8 47. Kf6 Rd3 48. Bf5 Ke8 49. d7+ Rd7 50. Bd7+ Kd7 51. Kf7 b3 
52. e6+ Kc7 53. e7 b2 54. e8Q b1Q 55. Qe5+ Kd7 56. g4 
1-0

[Event "34th Chess Olympiad (men)"]
[Site "Istanbul"]
[Date "2000.11.01"]
[Round "5.19.3"]
[White "Delchev, Aleksander"]
[Black "Van Der Stricht, Geert"]
[WhiteElo "2557"]
[BlackElo "2369"]
[WhiteCountry "BUL"]
[BlackCountry "BEL"]
[Result "1-0"]

1. c4 e6 2. Nf3 Nf6 3. g3 b6 4. Bg2 Bb7 5. O-O Be7 6. Nc3 O-O 7. Re1 d5 
8. cxd5 Nxd5 9. e4 Nxc3 10. bxc3 c5 11. d4 cxd4 12. cxd4 Nc6 13. Bb2 Na5 
14. Ne5 Rc8 15. d5 exd5 16. exd5 Bf6 17. Be4 g6 18. Bd4 Bxd5 19. Ng4 Bg5 
20. Bxd5 Qxd5 21. Re5 Qd8 22. Rxg5 
1-0

[Event "34th Chess Olympiad (men)"]
[Site "Istanbul"]
[Date "2000.11.01"]
[Round "5.19.4"]
[White "Van, Beers Eddy"]
[Black "Kolev, Atanas"]
[WhiteElo "2346"]
[BlackElo "2582"]
[WhiteCountry "BEL"]
[BlackCountry "BUL"]
[Result "0-1"]

1. d4 Nf6 2. c4 e6 3. Nc3 Bb4 4. e3 O-O 5. Bd3 d5 6. Nf3 c5 7. O-O Nc6 
8. a3 Bxc3 9. bxc3 dxc4 10. Bxc4 Qc7 11. Be2 Rd8 12. c4 Qb6 13. Qc2 cxd4 
14. exd4 Nxd4 15. Nxd4 Qxd4 16. Rd1 Qb6 17. Be3 Qc7 18. Rxd8+ Qxd8 19. Bf3 Qc7 
20. Rb1 h6 21. Qd3 e5 22. c5 Qe7 23. Qd6 Qxd6 24. cxd6 e4 25. Be2 b6 
26. Bb5 Be6 27. Bd4 Rd8 28. Bxf6 gxf6 29. Rd1 f5 30. f3 Kg7 31. Rd4 Kf6 
32. fxe4 Ke5 33. Ra4 fxe4 34. Rxa7 Rxd6 35. Rc7 Rd1+ 36. Kf2 Rd2+ 37. Kf1 Rb2 
38. a4 Kd4 39. Rc1 e3 40. Rd1+ Rd2 41. Ke1 Kc3 42. Bc6 Bb3 43. Rb1 Rf2 
0-1

[Event "34th Chess Olympiad (men)"]
[Site "Istanbul"]
[Date "2000.11.01"]
[Round "5.20.2"]
[White "Sharavdorj, Dashzeveg"]
[Black "Gulko, Boris F"]
[WhiteElo "2448"]
[BlackElo "2643"]
[WhiteCountry "MGL"]
[BlackCountry "USA"]
[Result "0-1"]

1. d4 e6 2. c4 Bb4+ 3. Bd2 a5 4. Nf3 d6 5. g3 Nc6 6. d5 Ne5 7. Nxe5 dxe5 
8. Bg2 Ne7 9. Nc3 O-O 10. a3 Bd6 11. O-O Bd7 12. Rc1 exd5 13. cxd5 f5 
14. Qb3 a4 15. Qc4 Qe8 16. Rfe1 b5 17. Qa2 Qf7 18. e4 f4 19. Nd1 f3 20. Bh1 c5 
21. Qb1 Qh5 22. Ne3 Rf6 23. Nf1 Ng6 24. Qd3 Raf8 25. Qe3 Nf4 26. gxf4 exf4 
27. Qxf3 Rg6+ 28. Ng3 fxg3 29. Qxh5 gxf2+ 30. Kf1 Rg1+ 31. Ke2 Bg4+ 
32. Qxg4 fxe1Q+ 33. Bxe1 Rxg4 34. Bg3 Bxg3 35. hxg3 Rxg3 36. Rxc5 Rh3 
37. Rc1 Re8 38. Bf3 h5 39. Rc7 Rf8 40. Rc3 g5 41. Bg2 Rxc3 42. bxc3 g4 
43. e5 Rf5 
0-1

[Event "34th Chess Olympiad (men)"]
[Site "Istanbul"]
[Date "2000.11.01"]
[Round "5.20.3"]
[White "Shabalov, Alexander"]
[Black "Ganbold, Odondoo"]
[WhiteElo "2601"]
[BlackElo "2405"]
[WhiteCountry "USA"]
[BlackCountry "MGL"]
[Result "1-0"]

1. d4 d6 2. e4 e5 3. Nf3 exd4 4. Nxd4 d5 5. exd5 Qxd5 6. Qe2+ Be7 7. Nb5 Na6 
8. N1c3 Qe6 9. Bf4 Nf6 10. Nxc7+ Nxc7 11. Bxc7 O-O 12. O-O-O Bb4 13. Qxe6 Bxe6 
14. Bd6 Bxd6 15. Rxd6 Ng4 16. Rd2 a6 17. h3 Ne5 18. b3 Rfc8 19. Kb2 Rc7 
20. Be2 Rac8 21. Rhd1 g5 22. Rd8+ Rxd8 23. Rxd8+ Kg7 24. Nd5 Rd7 25. Rxd7 Bxd7 
26. Kc3 Bc6 27. Kd4 Nd7 28. c4 Nf8 29. Bf3 Ne6+ 30. Ke5 Nc5 31. Kd6 Nd3 
32. Ne3 Bxf3 33. gxf3 Kf6 34. Kc7 b5 35. Kd6 bxc4 36. bxc4 h5 37. c5 Ne5 
38. a3 Nxf3 39. c6 Nd4 40. a4 Nxc6 41. Kxc6 Ke5 42. Kb6 
1-0

[Event "34th Chess Olympiad (men)"]
[Site "Istanbul"]
[Date "2000.11.01"]
[Round "5.21.1"]
[White "Mitkov, Nikola"]
[Black "Giorgadze, Giorgi"]
[WhiteElo "2532"]
[BlackElo "2599"]
[WhiteCountry "FRM"]
[BlackCountry "GEO"]
[Result "1/2-1/2"]

1. e4 e5 2. Bc4 Nf6 3. d3 Bc5 4. Nc3 c6 5. Bb3 O-O 6. Nf3 d6 7. h3 Nbd7 
8. O-O Bb6 9. a3 Nc5 10. Ba2 Be6 11. b4 Ncd7 12. Na4 Bxa2 13. Rxa2 
1/2-1/2

[Event "34th Chess Olympiad (men)"]
[Site "Istanbul"]
[Date "2000.11.01"]
[Round "5.21.2"]
[White "Sturua, Zurab"]
[Black "Nedev, Trajce"]
[WhiteElo "2594"]
[BlackElo "2487"]
[WhiteCountry "GEO"]
[BlackCountry "FRM"]
[Result "1-0"]

1. d4 Nf6 2. Nf3 g6 3. c4 Bg7 4. g3 O-O 5. Bg2 d5 6. cxd5 Nxd5 7. O-O Nb6 
8. Nc3 Nc6 9. e3 Re8 10. d5 Na5 11. Nd4 Bd7 12. Qe2 c5 13. Nb3 Nxb3 
14. axb3 Nc8 15. Rd1 Nd6 16. e4 Qb6 17. Na4 Bxa4 18. bxa4 e6 19. Bf4 e5 
20. Be3 Rac8 21. Rdc1 Qa5 22. h4 c4 23. h5 a6 24. Bd2 Qb6 25. Bc3 f5 
26. Re1 Nf7 27. hxg6 hxg6 28. exf5 gxf5 29. Qh5 Qf6 30. d6 Rcd8 31. Bd5 Rxd6 
32. Rad1 Rd7 33. Bxc4 Rc7 34. Bd3 Qg5 35. Be2 e4 36. Rd5 Bxc3 37. bxc3 e3 
38. Rxf5 exf2+ 39. Kxf2 Qg7 40. Bc4 Rxe1 41. Rxf7 
1-0

[Event "34th Chess Olympiad (men)"]
[Site "Istanbul"]
[Date "2000.11.01"]
[Round "5.21.4"]
[White "Gelashvili, Tamaz"]
[Black "Kizov, Atanas"]
[WhiteElo "2519"]
[BlackElo "2306"]
[WhiteCountry "GEO"]
[BlackCountry "FRM"]
[Result "1/2-1/2"]

1. e4 e5 2. Nf3 Nc6 3. Bc4 Nf6 4. d3 Be7 5. O-O O-O 6. Bb3 h6 7. c3 Re8 
8. Nbd2 Bf8 9. Re1 a6 10. d4 d6 11. h3 g6 12. Qc2 Bg7 13. a4 Nh5 14. dxe5 dxe5 
15. Nc4 Qf6 16. Ne3 Nf4 17. Nd5 Nxd5 18. exd5 Nb8 19. Nd2 Bf5 20. Qd1 Nd7 
21. Nf1 Nc5 22. Bc4 Rad8 23. Ne3 Bd7 24. a5 Qh4 25. Qc2 Bb5 26. Bxb5 axb5 
27. b4 Ne4 28. g3 Nxg3 29. fxg3 Qxg3+ 30. Ng2 Qxh3 31. c4 bxc4 32. Qxc4 Qd7 
33. Ne3 Kh7 34. a6 e4 35. Ra2 bxa6 36. Rxa6 Re5 37. Ra2 Rg5+ 38. Rg2 Rxg2+ 
39. Nxg2 Qxd5 40. Qxd5 Rxd5 41. Rxe4 Rd1+ 42. Re1 Rd4 43. Re7 Rd1+ 44. Re1 Rd4 
45. Bf4 Rxb4 46. Re7 g5 47. Bxc7 Rb7 48. Bd6 Rxe7 49. Bxe7 Be5 50. Ne1 Kg6 
51. Nf3 Bc3 52. Kg2 f6 53. Bd8 Kf5 54. Bb6 Ke4 55. Ng1 Bd4 56. Bd8 Bxg1 
57. Kxg1 f5 58. Kf2 f4 59. Be7 Kf5 60. Kf3 h5 61. Bd8 g4+ 62. Kf2 Ke4 
63. Be7 g3+ 64. Kg2 Ke3 65. Bg5 Ke4 66. Be7 
1/2-1/2

[Event "34th Chess Olympiad (men)"]
[Site "Istanbul"]
[Date "2000.11.01"]
[Round "5.22.2"]
[White "Sokolov, Ivan"]
[Black "Rahman, Ziaur"]
[WhiteElo "2611"]
[BlackElo "2421"]
[WhiteCountry "BIH"]
[BlackCountry "BAN"]
[Result "1-0"]

1. d4 e6 2. c4 b6 3. a3 Bb7 4. Nc3 f5 5. d5 Nf6 6. g3 Na6 7. Bg2 Nc5 8. Nh3 Bd6 
9. O-O O-O 10. Qc2 Be5 11. Nf4 Qe7 12. Bd2 c6 13. dxe6 dxe6 14. Rad1 Rad8 
15. b4 Bxc3 16. Bxc3 Nce4 17. Ba1 c5 18. Qb2 cxb4 19. axb4 Rc8 20. Qe5 Rfe8 
21. Bxe4 Bxe4 22. f3 Bb7 23. Rd6 Rxc4 24. Rxe6 Qf7 25. Rd1 Rxb4 26. Rxe8+ Nxe8 
27. Rd8 Bc6 28. Kf2 Rb5 29. Qd6 Rc5 30. Ne6 Rc1 31. Nxg7 
1-0

[Event "34th Chess Olympiad (men)"]
[Site "Istanbul"]
[Date "2000.11.01"]
[Round "5.22.3"]
[White "Al Rakib, Abdullah"]
[Black "Kurajica, Bojan"]
[WhiteElo "2386"]
[BlackElo "2534"]
[WhiteCountry "BAN"]
[BlackCountry "BIH"]
[Result "1/2-1/2"]

1. d4 Nf6 2. Nf3 e6 3. c4 b6 4. Nc3 Bb4 5. Qb3 a5 6. Bg5 Bb7 7. e3 h6 8. Bh4 g5 
9. Bg3 Ne4 10. O-O-O Bxc3 11. bxc3 d6 12. Nd2 Nxg3 13. hxg3 Nd7 14. f3 g4 
15. f4 f5 16. c5 d5 17. cxb6 Nxb6 18. c4 Bc6 19. c5 Nd7 20. Bd3 Nf6 21. Nb1 Rb8 
22. Qa3 Rb4 23. Nc3 Qb8 24. Kc2 Kf7 25. Rb1 Qa8 26. Rb3 Rc4 27. Kd2 Rb4 
28. Rhb1 Rxb3 29. axb3 Qb7 30. b4 axb4 31. Rxb4 Qa8 32. Qxa8 Rxa8 33. Rb2 Ke7 
34. Rb1 Be8 35. Rh1 Nh5 36. Bb5 Bf7 37. Ne2 Ra2+ 38. Kc3 Ra3+ 39. Kd2 Ra2+ 
40. Kc3 Nf6 41. Kb3 Ra8 42. Bd3 Nh5 43. Rb1 Be8 44. Kc3 Nf6 45. Kb2 Rb8+ 
46. Kc1 Rxb1+ 47. Kxb1 Ba4 48. Kb2 Kd8 49. Nc3 Bd7 50. Ka3 Kc8 51. Kb4 Kb8 
52. Ba6 Nh5 53. Ne2 Ka7 54. Bd3 Bc8 55. Ka5 c6 56. Kb4 Ba6 57. Bxa6 Kxa6 
58. Ka4 Nf6 59. Nc3 h5 60. Kb4 Nd7 61. Ka4 Nf8 62. Na2 Ng6 63. Nb4+ Kb7 
64. Nd3 h4 65. gxh4 Nxh4 66. Ne1 g3 67. Ka5 Ka7 68. Kb4 Ka6 69. Ka4 Kb7 
70. Ka5 Ka7 71. Kb4 
1/2-1/2

[Event "34th Chess Olympiad (men)"]
[Site "Istanbul"]
[Date "2000.11.01"]
[Round "5.22.4"]
[White "Sinanovic, Muhamed"]
[Black "Hossain, Rajib"]
[WhiteElo "2376"]
[BlackElo "2314"]
[WhiteCountry "BIH"]
[BlackCountry "BAN"]
[Result "1/2-1/2"]

1. c4 Nf6 2. Nc3 d5 3. cxd5 Nxd5 4. g3 Nb6 5. Bg2 g6 6. Nf3 Bg7 7. O-O O-O 
8. d3 Nc6 9. Be3 e5 10. Rc1 Nd4 11. Ne4 h6 12. Nc5 c6 13. b4 Kh7 14. Bd2 Qe7 
15. Re1 Nd7 16. Nb3 Nb6 17. a3 Nxb3 18. Qxb3 Be6 19. Qc2 Nd5 20. e4 Nc7 
21. Be3 Rfd8 22. Bf1 Qd7 23. Qb2 f6 24. a4 h5 25. Rc3 Bh6 26. Bxh6 Kxh6 
27. Qc1+ Kg7 28. b5 Rac8 29. bxc6 bxc6 30. Rxc6 Bg4 31. Nd2 Ne6 32. Rxc8 Rxc8 
33. Qa3 Nd4 34. Rb1 Rc2 35. Rb8 Qf7 36. h3 Rxd2 37. hxg4 hxg4 38. Qd6 Nf3+ 
39. Kg2 Ne1+ 40. Kg1 Nf3+ 41. Kg2 Ne1+ 
1/2-1/2

[Event "34th Chess Olympiad (men)"]
[Site "Istanbul"]
[Date "2000.11.01"]
[Round "5.23.1"]
[White "Mikhalchishin, Adrian"]
[Black "Labib, Ibrahim Hasan"]
[WhiteElo "2544"]
[BlackElo "2426"]
[WhiteCountry "SLO"]
[BlackCountry "EGY"]
[Result "1/2-1/2"]

1. Nf3 Nf6 2. c4 b6 3. Nc3 Bb7 4. d4 e6 5. a3 d5 6. Bg5 Be7 7. Qa4+ c6 
8. Bxf6 Bxf6 9. cxd5 exd5 10. g3 O-O 11. Bg2 Na6 12. O-O Re8 13. Rfe1 Nc7 
14. Rad1 g6 15. e4 Nb5 16. Nxd5 cxd5 17. Qxb5 Rxe4 18. Ne5 Rxe1+ 19. Rxe1 a6 
20. Qb4 Be7 21. Qb3 Qd6 22. h4 Re8 23. Rc1 Bf6 24. f4 Kg7 25. Bf3 h6 
26. Kg2 Re7 27. Rc3 b5 28. Qc2 b4 29. Rc5 bxa3 30. bxa3 Qb6 31. Kh2 Qd6 
32. Qb3 Rc7 33. h5 g5 34. Rxc7 Qxc7 35. fxg5 Bxg5 36. Bxd5 Bxd5 37. Qxd5 Qc2+ 
38. Kh3 Qf5+ 39. g4 Qf1+ 40. Qg2 Qc1 41. Qf3 Bf6 42. a4 Qa1 43. g5 Bxe5 
1/2-1/2

[Event "34th Chess Olympiad (men)"]
[Site "Istanbul"]
[Date "2000.11.01"]
[Round "5.23.2"]
[White "Abdel, Razik Khaled"]
[Black "Pavasovic, Dusko"]
[WhiteElo "2405"]
[BlackElo "2523"]
[WhiteCountry "EGY"]
[BlackCountry "SLO"]
[Result "0-1"]

1. d4 d5 2. c4 e6 3. Nf3 c6 4. Qc2 Nf6 5. Bg5 h6 6. Bxf6 Qxf6 7. Nbd2 Nd7 
8. g3 Bb4 9. Bg2 Nb6 10. c5 Nc4 11. e3 e5 12. O-O Nxd2 13. Nxd2 exd4 
14. e4 Bxd2 15. Qxd2 dxe4 16. Rfe1 O-O 17. Rxe4 Rd8 18. Rd1 d3 19. Rf4 Qe5 
20. Qc3 Qxc3 21. bxc3 Be6 22. Bf1 Bxa2 23. Bxd3 a5 24. Bc2 Rxd1+ 25. Bxd1 Rd8 
26. Be2 Bb3 27. Bc4 Bxc4 28. Rxc4 Rd5 29. Kf1 Kf8 30. Ke2 Ke7 31. g4 Kd7 
32. f4 h5 33. h3 hxg4 34. hxg4 f5 35. gxf5 Rxf5 36. Kd3 Rd5+ 37. Kc2 Ke6 
38. Kb3 Rd1 39. Re4+ Kf6 40. Ka4 Ra1+ 41. Kb3 g6 42. Re8 Kf5 43. Rf8+ Ke4 
44. Rf6 Rg1 45. Rf7 Rb1+ 46. Ka4 Kd5 47. f5 Kc4 48. Kxa5 Kxc5 49. Ka4 Kc4 
50. Ka5 Rb5+ 51. Ka4 gxf5 
0-1

[Event "34th Chess Olympiad (men)"]
[Site "Istanbul"]
[Date "2000.11.01"]
[Round "5.23.3"]
[White "Mohr, Georg"]
[Black "Hassan, Sayed Barakat"]
[WhiteElo "2492"]
[BlackElo "2365"]
[WhiteCountry "SLO"]
[BlackCountry "EGY"]
[Result "0-1"]

1. Nf3 Nf6 2. d4 g6 3. Bg5 Bg7 4. Nbd2 d5 5. e3 h6 6. Bh4 O-O 7. Be2 Nbd7 
8. O-O g5 9. Bg3 Nh5 10. c4 Nxg3 11. hxg3 e6 12. b4 c6 13. g4 Qe7 14. cxd5 exd5 
15. Rb1 h5 16. gxh5 g4 17. Ne1 f5 18. g3 Nf6 19. Nd3 Nxh5 20. Kg2 Bd7 
21. Rh1 Be8 22. Qc2 Bg6 23. Qc5 Qe8 24. Rbc1 f4 25. gxf4 Be4+ 26. Nxe4 Qxe4+ 
27. Kg1 Ng3 28. fxg3 Qxe3+ 29. Kf1 Rae8 30. Rc2 Qxg3 31. Qd6 Re4 32. Qxf8+ Kxf8 
33. b5 Rxe2 34. Kxe2 Qf3+ 
0-1

[Event "34th Chess Olympiad (men)"]
[Site "Istanbul"]
[Date "2000.11.01"]
[Round "5.23.4"]
[White "Abou, El Zein Eid Mahmoud"]
[Black "Grosar, Aljosa"]
[WhiteElo "2352"]
[BlackElo "2447"]
[WhiteCountry "EGY"]
[BlackCountry "SLO"]
[Result "1/2-1/2"]

1. d4 Nf6 2. c4 e6 3. Nf3 b6 4. g3 Ba6 5. b3 Bb7 6. Bg2 Bb4+ 7. Bd2 a5 
8. O-O O-O 9. Bc3 d5 10. Bb2 Be7 11. Ne5 
1/2-1/2

[Event "34th Chess Olympiad (men)"]
[Site "Istanbul"]
[Date "2000.11.01"]
[Round "5.25.1"]
[White "Antonio, Rogelio Jr"]
[Black "Fernandes, Antonio"]
[WhiteElo "2547"]
[BlackElo "2438"]
[WhiteCountry "PHI"]
[BlackCountry "POR"]
[Result "1-0"]

1. e4 c5 2. Nf3 g6 3. c3 Bg7 4. d4 cxd4 5. cxd4 d5 6. e5 Bg4 7. Nc3 Nc6 
8. Be3 e6 9. Qd2 Bxf3 10. gxf3 Nge7 11. Bd3 O-O 12. f4 f6 13. O-O-O Rc8 
14. Kb1 Nb4 15. Be2 Nf5 16. h4 Qa5 17. h5 Rc7 18. a3 Nc6 19. hxg6 hxg6 
20. Rhg1 Kf7 21. Bd3 a6 22. Bxf5 exf5 23. e6+ Kxe6 24. Rxg6 Rff7 25. Qd3 Ne7 
26. Rg3 b5 27. Bd2 Qb6 28. Re1+ Kd7 29. Nxd5 Nxd5 30. Qxf5+ Kd8 31. Qxd5+ Rcd7 
32. Qa8+ 
1-0

[Event "34th Chess Olympiad (men)"]
[Site "Istanbul"]
[Date "2000.11.01"]
[Round "5.25.2"]
[White "Galego, Luis"]
[Black "Villamayor, Bong"]
[WhiteElo "2419"]
[BlackElo "2495"]
[WhiteCountry "POR"]
[BlackCountry "PHI"]
[Result "1/2-1/2"]

1. e4 e6 2. d4 d5 3. Nc3 Bb4 4. exd5 exd5 5. Bd3 Nc6 6. a3 Bxc3+ 7. bxc3 Nf6 
8. Qf3 Qe7+ 9. Ne2 Bg4 10. Qe3 Qxe3 11. Bxe3 Na5 12. f3 Bd7 13. Bg5 Ng8 
14. Kf2 f6 15. Bf4 c6 16. h4 Ne7 17. h5 Kf7 18. g4 Nc4 19. Ng3 Nb2 20. Be2 b5 
21. Rae1 Rae8 22. Bc1 Na4 23. Bd2 Nc8 24. Bd3 Nb2 25. Rxe8 Nxd3+ 26. cxd3 Rxe8 
27. Ne2 Nb6 28. Nc1 Na4 29. Nb3 h6 30. Nc5 
1/2-1/2

[Event "34th Chess Olympiad (men)"]
[Site "Istanbul"]
[Date "2000.11.01"]
[Round "5.25.3"]
[White "Datu, Idelfonso"]
[Black "Frois, Antonio"]
[WhiteElo "2345"]
[BlackElo "2346"]
[WhiteCountry "PHI"]
[BlackCountry "POR"]
[Result "1/2-1/2"]

1. Nf3 c5 2. g3 g6 3. Bg2 Bg7 4. O-O Nc6 5. c4 d6 6. Nc3 Nf6 7. d4 cxd4 
8. Nxd4 Bd7 9. b3 O-O 10. Bb2 Qa5 11. e3 Rfc8 12. Qe2 Rab8 13. Rfd1 a6 
14. Nxc6 bxc6 15. Rac1 Bg4 16. f3 Be6 17. e4 Nd7 18. Ba1 Qh5 19. Qf2 Nc5 
20. f4 Bh3 21. Bxh3 Qxh3 22. e5 Qf5 23. Qe3 Rd8 24. Ne2 Rbc8 25. Bd4 Ne6 
26. exd6 Nxd4 
1/2-1/2

[Event "34th Chess Olympiad (men)"]
[Site "Istanbul"]
[Date "2000.11.01"]
[Round "5.25.4"]
[White "Fernando, Diogo"]
[Black "Bancod, Ronald"]
[WhiteElo "2257"]
[BlackElo "2364"]
[WhiteCountry "POR"]
[BlackCountry "PHI"]
[Result "1/2-1/2"]

1. e4 c5 2. Nf3 Nc6 3. d4 cxd4 4. Nxd4 g6 5. Nc3 Bg7 6. Nb3 Nf6 7. Be2 O-O 
8. O-O d6 9. Re1 a5 10. a4 Nb4 11. Bf1 Bd7 12. Nb5 Bc6 13. c3 Na6 14. Bd3 Nd7 
15. N3d4 Nac5 16. Bc2 h6 17. Qe2 Na6 18. Bd2 Re8 19. Rad1 Qb6 20. Bc1 Ndc5 
21. Qg4 Nc7 22. Qh4 h5 23. Nxc6 bxc6 24. Nxc7 Qxc7 25. f4 Bf6 26. Qg3 h4 
27. Qf2 Nd7 28. Kh1 e5 29. fxe5 Rxe5 30. Bf4 Rb8 31. Bxe5 Bxe5 32. Rb1 Kg7 
33. Qf3 c5 34. Rec1 Nf6 35. Bd3 c4 36. Bf1 Rh8 37. Rd1 Qc6 38. Re1 Qxa4 
39. Ra1 Qb5 40. Qe2 Nh5 41. Qf2 Nf6 42. Qa7 Rc8 43. Re2 Rc5 44. Rf2 Qe8 
45. Rxa5 Nxe4 46. Rf3 Rxa5 47. Qxa5 Qc6 48. Qa7 Ng5 49. Re3 Qd5 50. Re1 Ne4 
51. Qe3 f5 52. Be2 Qb7 53. Bf3 Qxb2 54. Qa7+ Kh6 55. Bxe4 fxe4 56. Qe3+ Kh5 
57. Qxe4 Qxc3 58. Rf1 Qd3 59. Qxd3 cxd3 60. Rd1 Kg5 61. Rxd3 Kf5 62. Kg1 Ke4 
63. Rf3 d5 64. h3 d4 65. Kf1 d3 66. Ke1 Bf4 67. Kd1 g5 68. Rf1 
1/2-1/2

[Event "34th Chess Olympiad (men)"]
[Site "Istanbul"]
[Date "2000.11.01"]
[Round "5.26.1"]
[White "Godena, Michele"]
[Black "Espinosa, Rafael"]
[WhiteElo "2485"]
[BlackElo "2406"]
[WhiteCountry "ITA"]
[BlackCountry "MEX"]
[Result "1-0"]

1. e4 c5 2. Nf3 Nc6 3. Bb5 g6 4. O-O Bg7 5. c3 Nf6 6. Re1 O-O 7. d4 d5 
8. e5 Ne4 9. Bxc6 bxc6 10. Nbd2 cxd4 11. cxd4 c5 12. dxc5 Nxc5 13. Nb3 Nxb3 
14. Qxb3 Ba6 15. Qa3 Bc4 16. Bg5 f6 17. Bf4 Qb6 18. Rad1 Rfe8 19. b3 Bb5 
20. Rxd5 Bc6 21. Rd3 f5 22. Nd2 a5 23. Nc4 Qb4 24. Qc1 Be4 25. Rdd1 a4 
26. f3 Bb7 27. Qe3 axb3 28. axb3 Ra2 29. Ra1 Rea8 30. Rxa2 Rxa2 31. Rd1 h5 
32. Bh6 Bh8 33. h3 Kh7 34. Bf8 Kg8 35. Qh6 Qc5+ 36. Kh1 Bd5 37. Qxg6+ Kxf8 
38. e6 
1-0